000 00507nam a2200217Ia 4500
008 210210b1949 xxu||||| |||| 00| 0 eng d
041 _aeng
082 _a822/199
100 _aBUKE (Edmund)
245 _aSpeech on conciliation with America: Selby Ed
260 _aLondon
_bMacmillan & Co. Ltd.
_c1949
650 _awith
650 _aSpeech
650 _aSelby
650 _aon
650 _aEd
650 _aconciliation
650 _aAmerica:
690 _aEnglish Prose
906 _a012386
999 _c131181
_d131181